000
00314nam a2200133 a 4500
005
20140414093828.0
008
030502s19uu xx 00 eng d
050
_a
VHS 500
_b
R 04
245
_a
Video 25 Geology, Video 29 Physics.
650
_a
Geology.
650
_a
Physics.
942
_c
AVM
999
_c
108536
_d
108536